Music Quiz

Random Music or Lyrics Quiz
Score 0/28 Timer 06:00
16 Plays Today
% Correct
Friend
94.8%
Life
94.6%
Chapstick
94.4%
World
94.3%
Diddy
92.9%
Day
92.5%
Disgrace
92.4%
Way
92.1%
Fur
91.9%
Higher
91.2%
Drive
90.6%
Son
90.5%
Mocha
89.6%
Listen
88.6%
% Correct
Baby
87.4%
Beautiful
87.1%
Here
86.7%
Boots
86.5%
Instead
86.3%
Now
86.2%
Ball
85.2%
In
85.1%
Inside
84.8%
Everything
82.9%
Lie
82.4%
Man
80.6%
Reaction
79%
Disease
78.5%
Remove Ads.
Support Sporcle.
Get the best of Sporcle when you Go Orange. This ad-free experience offers more features, more stats, and more fun while also helping to support Sporcle. Thank you for becoming a member.

You're not logged in!

Compare scores with friends on all Sporcle quizzes.
OR
Log In

Show Comments

Extras

Top Quizzes Today


Score Distribution

Your Account Isn't Verified!

In order to create a playlist on Sporcle, you need to verify the email address you used during registration. Go to your Sporcle Settings to finish the process.

Report this User

Report this user for behavior that violates our Community Guidelines.

Details: